00226nam a22000977a 4500020001800000082001100018100001600029245003400045260004100079300000800120 a9788132110392 a070.43 aDavid Spark aPractical newspaper reporting aLos AngelesbSage publicationsc2011 a210